1397 1078 1182 1886 1090 1591 1934 1128 1122 1878 1773 1042 1436 1989 1106 1018 1509 1982 1361 1243 1485 1993 1255 1873 1509 1327 1399 1435 1418 1082 1075 1029 1197 1277 1879 1010 1355 1782 1124 1988 1405 1915 1684 1639 1774 1628 1823 1435 1668 1580 1233 1911 1594 1198 1347 1351 1500 1556 1615 1286 1918 1238 1571 1761 1385 1786 1931 1206 1388 1242 1590 1487 1859 1274 1238 1863 1475 1896 1775 1284 1997 1780 1766 1452 1390 1889 1287 1069 1418 1620 1904 1812 1585 1424 1363 1521 1779 1286 1285 BCNSPRNW ULIB Ver.6.0+V

เปลี่ยนเป็นภาษาไทย

Change to English
 แสดงรายละเอียดบรรณานุกรม
  กลับหน้าหลัก

Brief Record : Get Marc (ISO 2709) : E-mail record : QR code < ปิดหน้าต่าง
LEADER : 00000nam 2200000uu 4500
001    13399122885
003     ULIB
008    131025s2013||||th 000 0 eng d
020    ^a9780323056649 (pbk.)
060 04 ^aWY18.2^bI29
245 00 ^aIllustrated study guide for the NCLEX-RN exam /^ceditors, JoAnn Zerwekh, Jo Carol Claborn
246 30 ^aStudy guide for the NCLEX-RN exam
246 30 ^aNCLEX-RN exam
250    ^a7th ed.
260    ^aSt. Louis :^bMosby Elsevier,^c2013
300    ^axix, 620 p. :^bcol. ill. ;^c28 cm. +^e1 computer optical disc
500    ^aIncludes index
650  7 ^aNursing^zUnited States^vExaminations, questions, etc.
650  7 Nursing care^xExamination
700 1  ^aZerwekh, JoAnn Graham,^eed.
700 1  ^aClaborn, Jo Carol,^eed.
945    ^p0^l0^i034103
999    ^aเกษร โพธิ์สุวรรณ
รายการนี้ยังไม่มีแท็ก
คุณยังไม่ได้ล็อกอิน คุณสามารถมีกิจกรรมร่วมกับเว็บไซต์ได้ แต่ต้องล็อกอินก่อน ::
  ล็อกอิน

รายการสื่อสารสนเทศ

ลำดับที่ ประเภท เลขเรียก/บาร์โค้ด สถานที่ สถานะ
1. Book การพยาบาล
Book การพยาบาล
WY18.2 I29  
  Barcode: 034103
ห้องสมุดวิทยาเขตสวรรค์ประชารักษ์
►หนังสือทั่วไป
บนชั้น

รายการใกล้เคียง
    หัวเรื่อง [Nursing care Examination]

BibComment


ยังไม่เคยถูกคอมเมนท์

คอมเมนท์ทรัพยากรรายการนี้
  คอมเมนท์: Illustrated stud..


 Copyright 2026. Bcnsprnw @Library